Science Quiz

Random Science or Astronomy Quiz

Planets of the Solar System Quiz Stats

 Plays Quiz Updated Jun 19, 2018

Challenge
Share
Tweet
Score 0/8 Timer 01:30
6 Plays Today
% Correct
Earth
99%
Mars
98.2%
Saturn
96.5%
Venus
95.3%
Jupiter
95%
Uranus
92.9%
Mercury
92.4%
Neptune
88.9%

You're not logged in!

Compare scores with friends on all Sporcle quizzes.
OR
Log In

You Might Also Like...

Show Comments

Extras

Top Quizzes Today


Score Distribution

Your Account Isn't Verified!

In order to create a playlist on Sporcle, you need to verify the email address you used during registration. Go to your Sporcle Settings to finish the process.

Report this User

Report this user for behavior that violates our Community Guidelines.

Details: